Problémy rodiny 3 Výber zo zahraničnej odbornej literatúry

Na minha lista:
Detalhes bibliográficos
Formato: Livro
Idioma:eslovaco
Publicado em: Bratislava Výskumný ústav práce a sociálnych vecí 1991
Edição:1. vyd.
Tags: Adicionar Tag
Sem tags, seja o primeiro a adicionar uma tag!

MARC

LEADER 00000nam a2200000 4500
001 c029347
005 20221214094652.5
041 0 |a slo 
044 |a SK 
245 1 0 |a Problémy rodiny 3  |b Výber zo zahraničnej odbornej literatúry 
250 |a 1. vyd. 
264 1 |a Bratislava  |b Výskumný ústav práce a sociálnych vecí  |c 1991 
300 |a 69 s.